Statistics for columbo episodes

Click here to take the quiz!

General Stats

  • This quiz has been taken 331 times
  • The average score is 50 of 69

Answer Stats

HintAnswer% Correct
1prescription murder
91%
3murder by the book
90%
69columbo likes the nightlife
83%
56columbo goes to college
82%
4death lends a hand
82%
32forgotten lady
82%
7lady in waiting
81%
12the most crucial game
81%
19any old port in a storm
79%
17double shock
79%
37last salute to the commodore
79%
36now you see him
79%
2ransom for a dead man
79%
9blueprint for murder
78%
68murder with too many notes
78%
5dead weight
77%
18lovely but lethal
77%
8short fuse
77%
21double exposure
76%
42murder under glass
76%
29troubled waters
76%
22publish or perish
75%
11the greenhouse jungle
75%
15a stitch in crime
74%
44how to dial a murder
74%
34identity crisis
74%
27negative reaction
74%
6suitable for framing
74%
16the most dangerous match
74%
25a friend indeed
73%
67ashes to ashes
73%
41try and catch me
73%
33a case of immunity
72%
26an exercise in fatality
72%
28by dawns early light
72%
20candidate for crime
72%
51columbo cries wolf
72%
10etude in black
72%
39old fashioned murder
72%
65strange bedfellows
72%
45the conspirators
72%
64undercover
72%
35a matter of honor
71%
38fade in to murder
71%
24swan song
71%
46columbo goes to the guillotine
70%
47murder smoke and shadows
70%
60no time to die
70%
14requiem for a falling star
70%
40the bye-bye sky high IQ murder case
70%
61a bird in the hand
69%
66a trace of murder
69%
30playback
69%
58columbo and the murder of a rock star
68%
31a deadly state of mind
67%
52agenda for murder
67%
57caution murder can be hazardous to your health
67%
13dagger of the mind
67%
43make me a perfect murder
67%
55murder in malibu
67%
53rest in peace mrs columbo
67%
62its all in the game
66%
48sex and the married detective
66%
63butterfly in shades of grey
65%
23mind over mayhem
65%
54uneasy lies the crown
65%
50murder a self portrait
63%
59death hits the jackpot
60%
49grand deceptions
57%

Score Distribution

Percentile by Number Answered

Percent of People with Each Score

Your Score History

You have not taken this quiz